Homenatge a Luigi Pirandello en el L aniversari de la seva mort
Descripción Física:
[19] p. : il. ; 32 cm
Materias:
Pirandello, Luigi -- Aniversaris, etc.
MARC
| LEADER | 00000nam a2200000Ia 4500 | ||
|---|---|---|---|
| 001 | 17963 | ||
| 008 | 160829s1986 xx 000 0 cat d | ||
| 080 | |a FU-52-13 | ||
| 245 | |a Homenatge a Luigi Pirandello en el L aniversari de la seva mort | ||
| 260 | |a Barcelona : |b Institut del Teatre. Diputació de Barcelona, |c 1986 | ||
| 300 | |a [19] p. : |b il. ; |c 32 cm | ||
| 590 | |a A la coberta: Teatres de l'Institut, La Cuina. | ||
| 590 | |a Homenatge celebrat a Barcelona, 10 de desembre del 1986 a les 20 hores | ||
| 650 | |a Pirandello, Luigi |x Aniversaris, etc. |9 39331 | ||
| 710 | 1 | |a Institut del Teatre (Barcelona, Catalunya) |9 52662 | |
| 710 | 1 | |a Barcelona (Catalunya : Província). |b Diputació |9 52408 | |
| 901 | |a Arxiu | ||
| 942 | |n 1 | ||
| 952 | |0 0 |1 0 |4 0 |6 FU5213 |7 1 |9 48950 |a Arxiu |b Arxiu |d 2016-12-01 |l 0 |o FU-52-13 |p 17963 |r 2016-12-01 00:00:00 |w 2016-12-01 |y ARXIU | ||
| 999 | |c 52785 |d 52785 | ||